Writing at the threshold: featuring 56 ways to prepare high school and college students to think and write at the college level
Guardado en:
| Autor principal: | |
|---|---|
| Formato: | Libro |
| Lenguaje: | inglés |
| Publicado: |
Urbana
National Council of Teachers of English
2001
|
| Materias: | |
| Etiquetas: |
Agregar Etiqueta
Sin Etiquetas, Sea el primero en etiquetar este registro!
|
MARC
| LEADER | 00000nam a2200000 a 4500 | ||
|---|---|---|---|
| 001 | UCK1036 | ||
| 003 | CL-VaPUC | ||
| 008 | 041029e20010000US |||||||||||||||||eng|d | ||
| 020 | |a 0814159133 | ||
| 082 | 0 | 4 | |a 808.042 |b WEI |2 21 |
| 100 | 0 | |a Weinstein, Larry |e author |9 488868 | |
| 245 | 1 | 0 | |a Writing at the threshold: featuring 56 ways to prepare high school and college students to think and write at the college level |
| 300 | |a 125 p | ||
| 942 | |c BK | ||
| 945 | |d 20041029 00:00:00 |a cmena | ||
| 260 | |a Urbana |b National Council of Teachers of English |c 2001 | ||
| 650 | 0 | |a Retórica |9 266620 | |
| 650 | 0 | |a Lengua inglesa |9 318842 | |
| 650 | 0 | |a Métodos de enseñanza |9 270413 | |
| 650 | 0 | |a Redacción de textos |9 446760 | |
| 650 | 0 | |a Educación lingüística |9 306506 | |
| 583 | |a last modification |c 20041029 00:00:00 |k Rodrigo Vera | ||
| 999 | |c 311169 |d 311167 | ||
| 952 | |0 0 |1 0 |4 0 |6 808_042000000000000_WEI_2001 |7 0 |8 A |9 380455 |a FDOPOS |b FDOPOS |d 2019-11-21 |i 4074890 |o 808.042 WEI 2001 |p 4074890 |r 2025-01-22 |w 2019-11-21 |y BK |k MLA | ||